[Event "Langley op"]
[Site "Langley"]
[Date "2017.09.04"]
[Round "5.3"]
[White "McLaren, Brian"]
[Black "Soliven, Joe"]
[Result "1-0"]
[WhiteElo "2165"]
[BlackElo "1902"]
[PlyCount "157"]
[EventDate "2017.09.02"]
[EventType "swiss"]
[EventRounds "6"]
[EventCountry "CAN"]
[SourceTitle "EXT 2022"]
[Source "ChessBase"]
[SourceDate "2021.10.06"]
[SourceVersion "1"]
[SourceVersionDate "2021.10.06"]
[SourceQuality "1"]

1. e4 c6 2. d4 d5 3. Nc3 dxe4 4. Nxe4 Bf5 5. Qf3 e6 6. c3 Nd7 7. Bf4 Ndf6 8. Nd2 Ne7 9. h3 h6 10. g4 Bg6 11. Ne2 Nc8 12. Bg2 Nd6 13. Ng3 Be7 14. 0-0 0-0 15. Rfe1 Rc8 16. Rad1 Bc2 17. Rc1 Bg6 18. c4 b5 19. b3 Qa5 20. Qc3 b4 21. Qb2 Rfd8 22. Nf3 Nd7 23. Rcd1 Nb7 24. Qe2 Bf8 25. c5 Be7 26. h4 Re8 27. h5 Bh7 28. g5 hxg5 29. Bxg5 Qd8 30. Qd2 a5 31. Bxe7 Qxe7 32. Ng5 Nf6 33. Nxh7 Nxh7 34. Qe3 Qh4 35. Qe4 Qg5 36. Qd3 f5 37. Re5 Qh6 38. Rde1 Nd8 39. Nxf5 Qf4 40. Nd6 Rf8 41. Nxc8 Qxf2+ 42. Kh2 Rf4 43. R1e3 Nf6 44. Rg5 Qh4+ 45. Rh3 Qxg5 46. Ne7+ Kf7 47. Ng6 Rf5 48. Ne5+ Kg8 49. h6 Qf4+ 50. Qg3 Qxg3+ 51. Rxg3 Rh5+ 52. Kg1 Rxh6 53. Nxc6 Nxc6 54. Bxc6 Rh4 55. Rd3 Rh5 56. Bf3 Rf5 57. c6 Ne8 58. Kf2 Nc7 59. Ke3 Kf7 60. Rd2 Rg5 61. Rh2 Ke7 62. Rh8 Ne8 63. Be4 Rg1 64. Rh5 Nc7 65. Rxa5 g5 66. Ra4 Re1+ 67. Kd3 Ra1 68. Rxb4 Rxa2 69. Rb7 Kd6 70. b4 Rb2 71. Kc4 g4 72. b5 g3 73. b6 g2 74. Bxg2 Rxg2 75. bxc7 Rc2+ 76. Kb5 Rb2+ 77. Ka6 Ra2+ 78. Kb6 Rb2+ 79. Ka7 1-0

[Event "Langley op"]
[Site "Langley"]
[Date "2017.09.03"]
[Round "4.1"]
[White "Soliven, Joe"]
[Black "Doknjas, John"]
[Result "1/2-1/2"]
[WhiteElo "1902"]
[BlackElo "2270"]
[PlyCount "120"]
[EventDate "2017.09.02"]
[EventType "swiss"]
[EventRounds "6"]
[EventCountry "CAN"]
[SourceTitle "EXT 2022"]
[Source "ChessBase"]
[SourceDate "2021.10.06"]
[SourceVersion "1"]
[SourceVersionDate "2021.10.06"]
[SourceQuality "1"]

1. Nf3 c5 2. b3 Nf6 3. Bb2 d5 4. d3 Nc6 5. Nbd2 d4 6. g3 e5 7. Bg2 Be7 8. Nc4 Nd7 9. e4 b5 10. Ncd2 Nb6 11. 0-0 Be6 12. Qe2 0-0 13. Ne1 c4 14. Ndf3 cxb3 15. cxb3 a5 16. Nd2 a4 17. f4 f6 18. Nef3 Qd7 19. Nh4 Rfc8 20. Nf5 Bf8 21. Nf3 exf4 22. Kh1 Bxf5 23. exf5 a3 24. Bc1 fxg3 25. Nh4 Re8 26. Qh5 Nd5 27. Qf3 Rad8 28. Bd2 gxh2 29. Rae1 Ne5 30. Qh3 Ne3 31. Bxe3 dxe3 32. Rxe3 Nxd3 33. Rxe8 Rxe8 34. Qxh2 Qd4 35. Bc6 Bd6 36. Nf3 Qc5 37. Qd2 Qxf5 38. Nh2 Qh3 39. Bxe8 Bxh2 40. Qg2 Qxg2+ 41. Kxg2 Be5 42. Bxb5 Nb4 43. Rf2 Bb2 44. Rd2 Nxa2 45. Bc4+ Kf8 46. b4 Nxb4 47. Rd7 g5 48. Kf3 a2 49. Bxa2 Nxa2 50. Rd2 Be5 51. Rxa2 Kf7 52. Ke4 Kg6 53. Ra8 Kh5 54. Kf5 Kh4 55. Ra4+ Bf4 56. Ra1 Kg3 57. Rh1 Be5 58. Rxh7 Kf3 59. Rg7 Bd4 60. Rg8 Be5 1/2-1/2

[Event "Richmond Keres Memorial 42nd"]
[Site "Richmond"]
[Date "2017.05.22"]
[Round "6"]
[White "Soliven, Joe"]
[Black "North, Robert"]
[Result "0-1"]
[WhiteElo "2041"]
[BlackElo "2056"]
[PlyCount "68"]
[EventDate "2017.05.20"]
[EventType "swiss"]
[EventRounds "6"]
[EventCountry "CAN"]
[SourceTitle "CBM 178 Extra"]
[Source "ChessBase"]
[SourceDate "2017.06.22"]
[SourceVersion "1"]
[SourceVersionDate "2017.06.22"]
[SourceQuality "1"]

1. c4 c5 2. e4 Nc6 3. Ne2 g6 4. Nbc3 Bg7 5. g3 a6 6. Bg2 e6 7. d3 Nge7 8. Be3 Nd4 9. Bxd4 cxd4 10. Nb1 e5 11. Qa4 0-0 12. 0-0 d6 13. b4 Bd7 14. Qb3 b5 15. Nd2 Bh6 16. f4 Rb8 17. Nf3 Nc6 18. a3 Qb6 19. Rfc1 Be6 20. Kh1 a5 21. Nd2 axb4 22. Rab1 bxc4 23. Nxc4 Qa6 24. Ra1 Na5 25. Qa4 Bxc4 26. Rxc4 b3 27. Rb1 b2 28. Bf1 Rb3 29. Ng1 exf4 30. Nf3 fxg3 31. Nxd4 Rb6 32. Rb4 Bc1 33. hxg3 Ra8 34. Kg2 Qb7 0-1